U.S. Cities Most Annual Snowfall Quiz Stats

 Plays Quiz not verified by Sporcle

Score 0/15 Timer 04:00
0 Plays Today
Annual Snowfall (Inches) City % Correct
94.7Buffalo, New York
92%
36.7Chicago, Illinois
87.9%
54.0Minneapolis, Minnesota
86.2%
43.8Boston, Massachusetts
85.6%
42.7Detroit, Michigan
85.1%
68.1Cleveland, Ohio
81.6%
46.9Milwaukee, Wisconsin
81%
53.8Denver, Colorado
80.5%
Annual Snowfall (Inches) City % Correct
99.5Rochester, New York
73%
41.9Pittsburgh, Pennsylvania
71.8%
27.5Columbus, Ohio
68.4%
25.9Indianapolis, Indiana
67.8%
56.2Salt Lake City, Utah
59.2%
40.5Hartford, Connecticut
40.8%
33.8Providence, Rhode Island
40.2%

You're not logged in!

Compare scores with friends on all Sporcle quizzes.
OR
Log In

Show Comments

Extras

Top Quizzes Today


Score Distribution

Your Account Isn't Verified!

In order to create a playlist on Sporcle, you need to verify the email address you used during registration. Go to your Sporcle Settings to finish the process.

Report this User

Report this user for behavior that violates our Community Guidelines.

Details: